000 00714nam a22002297a 4500
003 BD-DhJNU
005 20250123053627.0
008 250123b |||||||| |||| 00| 0 eng d
020 _a978980514474
040 _aBD-DhJNU
_bENG
_cBD-DhJNU
_dBD-DhJNU
082 _223
_a320.954 BEN
245 _aDocuments of the Raj :
_bBengal politics 1936-39 /
_cedited by Enayetur Rahim and Joyce L. Rahim
260 _aDhaka :
_bThe University Press,
_c1996.
300 _axiv, 247p. :
_bill. ;
_c25 cm
490 _vvol. 1
504 _aIncludes index
650 _aPolitical Science
650 _aPublic Administration
700 _aRahim, Enayetur
_eeditor
700 _aRahim, Joyce L.
_eeditor
942 _2ddc
_cBK
_n0
999 _c1161
_d1161